000 00611nam a2200241 a 4500
003 AR-BaBNM
005 20251128203732.0
008 082120s2002 ||||||||||||||000 | spa||
040 _cAR-BaBNM
100 1 _aMenéndez y Pelayo, Marcelino
245 0 0 _aLas cien mejores poesías líricas de la lengua castellana
260 _aBuenos Aires
_bTor
_c[19--]
300 _a246 p.
650 4 _aLITERATURA ESPAÑOLA
650 4 _aANTOLOGIAS
650 4 _aROMANTICISMO
653 _aPOESIA LIRICA
653 _aROMANCES
653 _aCANCIONEROS
655 _aLITERATURA
942 _cBK
998 _cisola
999 _c4713
_d4713